La muse (notice n° 9585)

détails MARC
000 -Label
leader 00503nam a2200181 4500
099 ## - Informations locales
Type de document Livre
100 ## - Données générales de traitement
a 20260324d u||y0frey5050 ba
101 ## - Langue
langue document français
102 ## - Pays d'édition ou de production
pays d'édition France
200 ## - Titre
titre propre La muse
type de document Livre
sous-titre (recueil de poésie)
auteur Mohamed Selmi
210 ## - Editeur
lieu de publication Paris
nom de l'éditeur éditions "Littératures Nouvelles"
date de publication 1984
215 ## - Description
Importance matérielle 26 p.
autres carac. couv. ill.
format 21x15
606 ## - sujets
sujet Littérature
subdiv. sujet Poésie
koha internal code 26457
700 ## - Auteur
code de fonction Auteur
auteur Selmi
prénom Mohamed
koha internal code 8895
801 ## - source de catalogage
pays TN
agence de catalogage 32BIS
date de la transaction 20260324
règles de catalogage utilisées UNIMARC
830 ## - note
catalogeur SG
Exemplaires
Propriétaire Dépositaire Localisation Code barre Numéro Inventaire Cote Note Statut
The 32bis Library The 32bis Library Salle de lecture 32BIS 007394 7313 841 SEL Dépôt MAB Consultable sur place
32 bis, rue Ben Ghedhahem 1000 Tunis - Tunisie www.32bis.org
Contact : mediatheque@32bis.org